Library Banner

Sind (Record no. 81221)

MARC details
000 -LEADER
fixed length control field 00381nam a22001457a 4500
005 - DATE AND TIME OF LATEST TRANSACTION
control field 20160106143532.0
008 - FIXED-LENGTH DATA ELEMENTS--GENERAL INFORMATION
fixed length control field 160106b xxu||||| |||| 00| 0 eng d
040 ## - CATALOGING SOURCE
Transcribing agency PK-LaUMT
082 ## - DEWEY DECIMAL CLASSIFICATION NUMBER
Classification number MMC 954.91
Item number LAM-S
100 ## - MAIN ENTRY--PERSONAL NAME
Personal name Lambrick, H.T.
245 ## - TITLE STATEMENT
Title Sind
Remainder of title a general introduction
Statement of responsibility, etc H.T. Lambrick
260 ## - PUBLICATION, DISTRIBUTION, ETC. (IMPRINT)
Place of publication, distribution, etc Hyderabad
Name of publisher, distributor, etc Sindhi adabi board
Date of publication, distribution, etc 1986
300 ## - PHYSICAL DESCRIPTION
Extent 274 p.
942 ## - ADDED ENTRY ELEMENTS (KOHA)
Koha item type Books
Holdings
Withdrawn status Lost status Damaged status Home library Current library Date acquired Full call number Barcode Date last seen Price effective from Koha item type
      UMT Main Campus UMT Main Campus 2016-01-06 MMC 954.91 LAM-S 95799 2016-01-06 2016-01-06 Books